000 00511cam a22002052a 4500
001 025984
003 AR-FADEU
008 311216n2015####xxu####################dd
020 _a978-950-23-2519-4
092 _aD340.1
_bR733
100 _aRoggero, Jorge, comp.
245 _aDerecho y literatura : textos y contextos
260 _aBuenos Aires
260 _bEudeba
260 _c2015
300 _a270 p
440 _aTextos
650 _aDERECHO Y LITERATURA; LITERATURA Y DERECHO
942 _cBDGR
999 _c31668
_d31668